01401nam a2200337 i 450000500170000000700030001700800410002002000180006104000350007904100080011404300120012208400110013410000320014524501020017725000220027926400490030130000480035033600270039833700330042533800280045849000450048652002370053152100540076853400170082265000410083965000420088065000350092270000410095770000380099870000270103620220316235954.0ta200421s2012 mx a gr 000 1 spa d a9789681641122 aCO-BoRNBPbspaerdacCO-BoRNBP1 heng as-ck--- aA HIA11 aOram, Hiawynd1946-eautora1 aEn el desváncHiawyn Oram ; ilustrado por Satoshi Kitamura ; traducido por Catalina Domínguez aPrimera edición 1aMéxicobFondo de Cultura Económicac2012 a28 páginas bilustraciones a colorc24 cm atextobtxt2rdacontent asin mediaciónbn2rdamedia avolumenbnc2rdacarrier0 aLos especiales de a la orilla del viento3 aAbrí una ventana que abría otras ventanas... Salí a buscar con quién compartir lo que había encontrado y encontré un amigo. Mi amigo y yo descubrimos un juego que podía durar para siempre porque cambiaba todo el tiempo aRecomendado para un público infantil y juvenil  tIn the attic17aCuentos infantilesySiglo XX2ARMARC17aLiteratura infantilySiglo XX2ARMARC17aImaginaciónvÁlbum2ARMARC1 aKitamura, Satoshid1956-eilustrador1 aDomínguez, Catalinaetraductora1 aGoldin, Danieleeditor